Португалски хроники (Запис номер 187216)
[ съкратено ]
| 000 -Лидер | |
|---|---|
| Контролно поле с фиксирана дължина | 01741nam a2200385 c 4500 |
| 003 - Код на организацията, давaща контролен номер | |
| Контролно поле | BLK |
| 005 - Дата и час на последна редакция | |
| Контролно поле | 20241219112730.0 |
| 008 - Елементи от данни с фиксирана дължина | |
| fixed length control field | 180411b bul|||||r ||||||| ||bul|| |
| 010 ## - Наследен системен номер | |
| LC control number | KNG00196223000 |
| 040 ## - Източник на каталожния запис | |
| Идентификатор на билиотеката - собственик на записа | BLK |
| 041 ## - Код за език | |
| Код за езика на текст/звукозапис или на отделно заглавие | Български |
| Код за езика КДБФ | Български |
| 080 ## - УДК | |
| Текстов определител УДК | Откривателски пътешествия. Експедиции |
| УДК код - определител по УДК | 910.4 |
| УДК - код + определител | 910.4 |
| 080 ## - УДК | |
| Текстов определител УДК | Португалска литература |
| УДК код - определител по УДК | 821.134.3 |
| УДК определител | -94 |
| УДК - код + определител | 821.134.3-94 |
| 139 ## - Редно поле | |
| Редна дума | Португалски хроники |
| Авторски знак | Пор - П 79 |
| 245 10 - Сведения за заглавието | |
| Заглавие | Португалски хроники |
| Редно поле (дума) | състав. и предг. от Елена Ряузова; прев. от португ. Румяна Генова. |
| 257 ## - Страна на издаване | |
| Страна на създаване/издаване | България |
| 260 ## - Област на издателските данни | |
| Име на издателя, разпространителя и проч. | Георги Бакалов |
| Година на издаване | 1979 |
| Място на издаване, разпространение и проч. | Варна |
| 300 ## - Физическа характеристика | |
| Страници | 262 с. |
| Размери/Мащаб | 21 см |
| 380 ## - Жанр | |
| Жанр | География |
| 490 ## - СЕРИИ (Колекции) | |
| Име на серия | Библиотека Морета, брегове и хора |
| №: серия | № 42 |
| 9 (RLIN) | 205773 |
| 500 ## - Общи забележки | |
| Забележка | Авт.: Алавару Велю, М. Мешкита Перещрелу, А. С. П. Гамиту, Л. де Кадамосто, Р. ди Пина ; Други прев. : Д. Ангелов, Ем. Юлзари. |
| 650 #7 - Допълнително описание по предмет – тема | |
| Основно описание – тема или топоним | Географски пътешествия и открития |
| Източник на редна или ключова дума | |
| 9 (RLIN) | 151890 |
| 650 #4 - Допълнително описание по предмет – тема | |
| Основно описание – тема или топоним | Португалска литература |
| 9 (RLIN) | 297791 |
| 700 1# - Други автори (авторска отговорност) | |
| Лично име | Ряузова, Елена |
| Автороска отговорност (Описва отношението между автора и произведението) | състав. и предг. от |
| 9 (RLIN) | 118038 |
| 700 1# - Други автори (авторска отговорност) | |
| Лично име | Генова, Румяна |
| Автороска отговорност (Описва отношението между автора и произведението) | прев. от португ. |
| 9 (RLIN) | 344290 |
| 852 ## - Местоположение | |
| Форматна сигнатура | Цб 99340 |
| 856 4# - Електронен адрес и достъп | |
| Електронен формат | pdf - файл |
| Инструкция (цена за достъп) | 0.00 |
| Права за достъп | disable |
| 856 4# - Електронен адрес и достъп | |
| Електронен формат | pdf - файл |
| Инструкция (цена за достъп) | 0.00 |
| Права за достъп | disable |
| 999 ## - СИСТЕМНИ КОНТРОЛНИ НОМЕРА | |
| Koha biblionumber | 187216 |
| Koha biblioitemnumber | 187216 |
| 942 ## - АРТИКУЛИ | |
| Вид на библиотечния материал | Книги |
| Скрит в OPAC | Не |
| Koha issues (borrowed), all copies | 2 |
| Периодичен библиозапис | Да |
| 944 ## - СЪЗДАВАНЕ И РЕДАКЦИЯ на ЗАПИСА | |
| Създаване/Редакция | Създаване |
| Дата на регистрацията/редакция | 16.11.2016 |
| Служител, извършил регистрацията/редакцията | 30560 |
| Статус, дата на статуса | Геновева Генчева |
| 944 ## - СЪЗДАВАНЕ И РЕДАКЦИЯ на ЗАПИСА | |
| Създаване/Редакция | Редакция |
| Дата на регистрацията/редакция | 16.11.2016 |
| Служител, извършил регистрацията/редакцията | Нора_Радева |
| 999 ## - СИСТЕМНИ КОНТРОЛНИ НОМЕРА | |
| Koha biblioitemnumber | 187216 |
| 999 ## - СИСТЕМНИ КОНТРОЛНИ НОМЕРА | |
| Koha biblioitemnumber | 187216 |
| 999 ## - СИСТЕМНИ КОНТРОЛНИ НОМЕРА | |
| Koha biblioitemnumber | 187216 |
| Код за отписване | Код за изгубен артикул | Източник на класификационната схема | Код за повреда | Коз за рестрикции | Код за отдаване | Артикулен № | Име на библиотеката - собственик | Име на библиотеката, в която се намира в момента | Статус (Текущо местоположение) | Дата на вписване в системата | Местоположение - отдел | Цена в лева | Инвентарен номер | Систематично азбучна сигнатура | Баркод | Номер на екземпляра | Цена в евро | Служебна бележка | Служебен тип на артикула |
|---|---|---|---|---|---|---|---|---|---|---|---|---|---|---|---|---|---|---|---|
| Не е изгубен | Universal Decimal Classification | Не е повреден | само за читалня | ползва се в читалня | 326670 | Регионална библиотека "Любен Каравелов" Русе | Регионална библиотека "Любен Каравелов" Русе | Хранилище | 1979-01-01 | Хранилище | 2.70 | 286722 | Цб 99340 | 120000286722 | 1 | 1.38 | Вид: Сф Дата: 01.01.1979 | Книги | |
| Изтеглен | Не е изгубен | Universal Decimal Classification | Не е повреден | без рестрикции | заемане за дома | 326671 | Регионална библиотека "Любен Каравелов" Русе | Регионална библиотека "Любен Каравелов" Русе | Заемна - подръчен фонд | 1979-01-01 | Заемна - подръчен фонд | 1.50 | 287575 | П 910.4/П 79 | 287575 | 2 | 0.77 | Вид: Сф Дата: 01.01.1979 | Книги |
| Изтеглен | Не е изгубен | Universal Decimal Classification | Не е повреден | без рестрикции | заемане за дома | 326672 | Регионална библиотека "Любен Каравелов" Русе | Регионална библиотека "Любен Каравелов" Русе | Заемна - подръчен фонд | 1979-01-01 | Заемна - подръчен фонд | 1.50 | 287580 | П 910/П 79 | 287580 | 3 | 0.77 | Вид: Сф Дата: 01.01.1979 Дата инв: 07.02.2018 Бележки инв: П2018 | Книги |
| Изтеглен | Не е изгубен | Universal Decimal Classification | Не е повреден | без рестрикции | заемане за дома | 326673 | Регионална библиотека "Любен Каравелов" Русе | Регионална библиотека "Любен Каравелов" Русе | Заемна - подръчен фонд | 1979-01-01 | Заемна - подръчен фонд | 0.30 | 634141 | П 910.4/П 79 | 120000634141 | 4 | 0.15 | Вид: Сф Дата: 01.01.1979 Дата инв: 07.02.2018 Бележки инв: П2018 | Книги |